000 01148cam a22002771i 4500
003 SA-RiAUC
005 20250509165825.0
008 250508s1999 su g b 000r0 ara c
020 _a9960357007
040 _aSA-JeALM
_bara
_cSA-RiAUC
_erda
082 0 4 _a257.5
_qSA-RiAUC
090 _a257.5
_bا ل خ
100 1 _aآل خنين، عبد الله بن محمد بن سعد،
_d1376 هجري-
_eمؤلف.
245 1 0 _aتسبيب الأحكام القضائية في الشريعة الإسلامية /
_cعبد الله بن محمد بن سعد آل خنين.
250 _aالطبعة الأولى.
264 1 _aالرياض :
_b[الناشر غير محدد]،
_c2000
300 _a195 صفحة ؛
_c24 سم.
336 _aنص
_btxt
_2rdacontent
_3كتاب
337 _aبدون وسيط
_bn
_2rdamedia
338 _aمجلد
_bnc
_2rdacarrier
490 0 _aسلسلة المرافعات في الشريعة الإسلامية ؛
_v1
504 _aيشتمل على إرجاعات ببليوجرافية.
650 7 _aالقضاء في الإسلام
_2aucsh
942 _2ddc
_cBOOK
_n0
949 _aSA-JeALM
_d250508
_umohamedma123
_n1
999 _c7754
_d7754